LEADER 01356nam 2200445 450 001 9910793388003321 005 20200129081406.0 010 $a1-0876-2919-5 010 $a0-7439-2145-3 010 $a1-4258-2327-0 035 $a(CKB)4100000007122275 035 $a(MiAaPQ)EBC5887329 035 $a(Au-PeEL)EBL5887329 035 $a(OCoLC)1119626195 035 $a(EXLCZ)994100000007122275 100 $a20200129d2019 uy 0 101 0 $aspa 135 $aurcnu|||||||| 181 $ctxt$2rdacontent 182 $cc$2rdamedia 183 $acr$2rdacarrier 200 10$aMardi Gras $eresta /$fJennifer Prior 210 1$aHuntington Beach, California :$cTeacher Created Materials,$d[2019] 210 4$dİ2019 215 $a1 online resource (35 pages) 225 0 $aArte y cultura 300 $aIncludes index. 311 $a1-4258-2865-5 330 $aA fictional account of a visit to New Orleans for Mardi Gras for children K through Grade 3. Includes glossary and answer key. 606 $aCarnival$zLouisiana$zNew Orleans$vJuvenile literature 615 0$aCarnival 676 $a394.250976335 700 $aPrior$b Jennifer Overend$f1963-$01527689 801 0$bMiAaPQ 801 1$bMiAaPQ 801 2$bMiAaPQ 906 $aBOOK 912 $a9910793388003321 996 $aMardi Gras$93770746 997 $aUNINA LEADER 01861nam 2200577Ia 450 001 9910830609503321 005 20230607213224.0 010 $a0470713399 010 $a9780470713396 010 $a6610101442 010 $a9786610101443 010 $a128010144X 010 $a9781280101441 010 $a0470856467 010 $a9780470856468 035 $a(CKB)111056485600150 035 $a(SSID)ssj0000118497 035 $a(PQKBManifestationID)11129629 035 $a(PQKBTitleCode)TC0000118497 035 $a(PQKBWorkID)10054356 035 $a(PQKB)11325433 035 $a(MiAaPQ)EBC143929 035 $a(EXLCZ)99111056485600150 100 $a20020506d2002 uy 0 101 0 $aeng 135 $aurcn||||||||| 181 $ctxt$2rdacontent 182 $cc$2rdamedia 183 $acr$2rdacarrier 200 04$aThe case study guide to cognitive behaviour therapy of psychosis /$fedited by David Kingdon and Douglas Turkington 210 $aChichester, West Sussex, England ;$aHoboken, NJ $cWiley$dc2002 215 $axi, 240 pages $cillustrations 225 1 $aThe Wiley series in clinical psychology 300 $aBibliographic Level Mode of Issuance: Monograph 320 $aIncludes bibliographical references (p. [221]-230) and indexes. 410 0$aWiley series in clinical psychology. 606 $aPsychoses$xTreatment$vCase studies 606 $aCognitive therapy$vCase studies 615 0$aPsychoses$xTreatment 615 0$aCognitive therapy 676 $a616.89/142 701 $aKingdon$b David G$01657633 701 $aTurkington$b Douglas$01656421 801 0$bMiAaPQ 801 1$bMiAaPQ 801 2$bMiAaPQ 801 2$bMNE 906 $aBOOK 912 $a9910830609503321 996 $aThe case study guide to cognitive behaviour therapy of psychosis$94011159 997 $aUNINA